Aplicación de los plásticos en la agricultura

Gorde:
Xehetasun bibliografikoak
Egile Nagusiak: Robledo de Pedro, Félix (Egilea), Martín Vicente, Luís (Egilea)
Formatua: Liburua
Hizkuntza:gaztelania
Argitaratua: Madrid Mundi Prensa 1981
Gaiak:
Etiketak: Etiketa erantsi
Etiketarik gabe, Izan zaitez lehena erregistro honi etiketa jartzen!

MARC

LEADER 00000nam a2200000 a 4500
001 UCR2986
003 CL-VaPUC
008 980123e19810000SP |||||||||||||||||spa|d
082 0 4 |a 631.3  |b ROB  |2 21 
100 0 |a Robledo de Pedro, Félix  |e author  |9 401592 
700 0 |a Martín Vicente, Luís  |e author  |9 401593 
245 1 0 |a Aplicación de los plásticos en la agricultura 
300 |a 553 p 
942 |c BK 
945 |d 19980123 00:00:00  |a jquezada 
260 |a Madrid  |b Mundi Prensa  |c 1981 
650 7 |a PLASTICOS EN AGRICULTURA  |2 CL-VaPUC  |9 326399 
650 7 |a INSUMOS AGRICOLAS  |2 CL-VaPUC  |9 326401 
650 0 |a Agricultura  |9 255598 
650 7 |a SEMILLEROS  |2 CL-VaPUC  |9 401594 
650 0 |a Suelos  |9 260322 
650 7 |a TUNELES DE CULTIVO  |2 CL-VaPUC  |9 401595 
650 0 |a Invernaderos  |9 264317 
650 0 |a Embalses   |9 372823 
650 0 |a Tuberías  |9 259420 
650 0 |a Drenaje de suelo  |9 401596 
650 7 |a PROTECCION DE LA AGRICULTURA  |2 CL-VaPUC  |9 401597 
650 0 |a Normalización  |9 262666 
650 0 |a Calidad  |9 320582 
583 |a last modification  |c 19980123 00:00:00  |k Rodrigo Vera 
999 |c 266103  |d 266101 
952 |0 0  |1 1  |2 ddc  |4 0  |6 631_300000000000000_ROB_1981  |7 0  |8 A  |9 297423  |a BIBAGR  |b BIBAGR  |d 2019-11-20  |i 3392104  |o 631.3 ROB 1981  |p 3392104  |r 2019-11-20  |w 2019-11-20  |y BK  |k AGR